|
|
|
|
| LEADER |
01668nam a2200493 a 4500 |
| 001 |
000633680 |
| 003 |
CZ BrMZK |
| 005 |
20120629105814.0 |
| 007 |
ta |
| 008 |
021030s2002 xr g facze d |
| 015 |
|
|
|a cnb001189418
|
| 020 |
|
|
|a 80-86370-07-0
|
| 035 |
|
|
|a (OCoLC)53272171
|
| 040 |
|
|
|a BOA001
|b cze
|
| 043 |
|
|
|a e-xr---
|
| 045 |
|
|
|a x4y-
|
| 072 |
|
7 |
|a 821.162.3-3
|x Česká próza
|2 Konspekt
|9 25
|
| 072 |
|
7 |
|a 929
|x Biografie
|2 Konspekt
|9 8
|
| 080 |
|
|
|a 821.162.3-3
|2 MRF
|
| 080 |
|
|
|a 929
|2 MRF
|
| 080 |
|
|
|a 821.162.3-051
|2 MRF
|
| 080 |
|
|
|a 75.071.1
|2 MRF
|
| 080 |
|
|
|a 274/278-726.3
|2 MRF
|
| 080 |
|
|
|a 2-6+316.72/.75
|2 MRF
|
| 080 |
|
|
|a (437.3)
|2 MRF
|
| 080 |
|
|
|a (0:82-322.6)
|2 MRF
|
| 080 |
|
|
|a (0:82-94)
|2 MRF
|
| 100 |
1 |
|
|a Rejchrt, Pavel,
|d 1942-
|7 jn19990218092
|4 aut
|
| 245 |
1 |
0 |
|a Neodbytný průhled /
|c Pavel Rejchrt
|
| 250 |
|
|
|a Vyd. 1.
|
| 260 |
|
|
|a Praha :
|b Cherm,
|c 2002
|
| 300 |
|
|
|a 255 s. ;
|c 21 cm
|
| 600 |
1 |
7 |
|a Rejchrt, Pavel,
|d 1942-
|7 jn19990218092
|2 czenas
|
| 648 |
|
7 |
|a 20.-21. století
|7 ch462155
|2 czenas
|
| 650 |
0 |
7 |
|a čeští spisovatelé
|7 ph128175
|y 20.-21. stol.
|2 czenas
|
| 650 |
0 |
7 |
|a malíři
|7 ph122596
|z Česko
|y 20.-21. stol.
|2 czenas
|
| 650 |
0 |
7 |
|a evangeličtí duchovní
|7 ph120049
|z Česko
|y 20.-21. stol.
|2 czenas
|
| 655 |
|
7 |
|a české prózy
|7 fd133972
|2 czenas
|
| 655 |
|
7 |
|a autobiografické prózy
|7 fd131850
|2 czenas
|
| 655 |
|
7 |
|a vzpomínky
|7 fd133830
|2 czenas
|
| 651 |
|
7 |
|a Česko
|7 ge128065
|x náboženské a kulturní poměry
|y 20.-21. stol.
|2 czenas
|
| 910 |
|
|
|a BOA001
|b 2-1109.522
|
| 990 |
|
|
|a BK
|
| 996 |
6 |
|
|b 2610173836
|c 2-1109.522
|l MZK
|r Sklad / do 1 hodiny
|n 2
|p p.v.
|w 000633680
|u 000010
|a 1
|e BOA001
|j MZK50
|s P
|